Môžeme zaviesť bytový trh?

Úvahy o možnostiach zaviesť pri súčasnom stave bytového hospodárstva a bytového fondu bytový trh. Faktory, ktoré v uplynulých 30-40 rokoch ovplyvnili situáciu v hospodárení s bytmi. Dôsledky nadmerného zanedbávania údržby a obnovy. Možnosti ekonomizácie nájomného.

Saved in:
Bibliographic Details
Main Author: Klačanský, Ivan
Format: Book Chapter
Language:Slovak
Subjects:
Tags: Add Tag
No Tags, Be the first to tag this record!

MARC

LEADER 00000naa a2200000 4500
001 r006442
005 20221125081013.1
041 0 |a slo 
044 |a [CS] 
245 1 0 |a Môžeme zaviesť bytový trh?  |c I. Klačanský 
520 |a Úvahy o možnostiach zaviesť pri súčasnom stave bytového hospodárstva a bytového fondu bytový trh. Faktory, ktoré v uplynulých 30-40 rokoch ovplyvnili situáciu v hospodárení s bytmi. Dôsledky nadmerného zanedbávania údržby a obnovy. Možnosti ekonomizácie nájomného. 
610 2 0 |a hospodárstvo bytové 
610 2 0 |a fond bytový 
610 2 0 |a trh 
610 2 0 |a byty 
610 2 0 |a údržba 
610 2 0 |a nájomné 
100 1 |a Klačanský, Ivan